LEADER 00493naa a2200133 i 4500 001 000000320032 003 CaOOAMICUS 005 20180831173318.0 008 180831n it u000 u ita u 013 $a29911 040 $aSeMil$bita 245 13$aIl sottosuolo teologico della costituzione :$bla Chiesa e i valori terrestri. 773 0 $tChiesa nel mondo di oggi.$gp.21 3-250$w()46302 996 $6245$aIl sottosuolo teologico della costituzione :$bla Chiesa e i valori terrestri$9(OLS)http://semarc/title/393745 LEADER 00683nam a2200181 i 4500 001 000000054981 003 CaOOAMICUS 005 19970611000000.0 008 970611n xx u000 u lat u 013 $a26153 040 $aSeMil$bita 100 1 $aFunk, Josephus .$0(OLS)http://semarc/name/27511 245 10$aDe iure naturali transcendente ius positivum. 650 4$aDiritto naturale.$0(OLS)http://semarc/subject/788 650 4$aTesi di laurea.$0(OLS)http://semarc/subject/1690 850 $aSeMil 852 $aSeMil$W1$xVenegono$y1$m2I II 237$j21135$B21135$CSeMilBibl$Z2$F21137 $81 996 $6245$aDe iure naturali transcendente ius positivum$9(OLS)http://semarc/title/85231